[Event "65. BEM 2011"]
[Site "Dortmund"]
[Date "2011.02.24"]
[Round "9.24"]
[White "Rabe, Mark"]
[Black "Reker, Gerhard"]
[Result "0-1"]
[WhiteElo "998"]
[BlackElo "724"]
[PlyCount "172"]
[EventDate "2011.??.??"]
[Source "SG Dortmund"]
[SourceDate "2004.12.16"]

1. Nf3 e5 2. e4 Nc6 3. Bc4 Nf6 4. d3 Bb4+ 5. c3 Ba5 6. b4 Bb6 7. Qb3 d5 8. exd5
Ne7 9. Bg5 Nexd5 10. Bxd5 O-O 11. Nxe5 Qxd5 12. Qxd5 Nxd5 13. Ng4 Bxg4 14. h3
Rae8+ 15. Kf1 Be2+ 16. Kg1 Bxd3 17. Kh2 Bxf2 18. Rd1 Be4 19. Rf1 Re5 20. Bd2
Bh4 21. c4 Nf6 22. Bc3 Rf5 23. Rxf5 Bxf5 24. Nd2 Ne4 25. Nf3 Bg3+ 26. Kg1 Nxc3
27. a4 Ne2+ 28. Kh1 Bd3 29. c5 Re8 30. Rd1 Bc2 31. Rd7 Bxa4 32. Rd2 Bb5 33. Rd5
Kf8 34. h4 Bc6 35. Rd3 Bf4 36. h5 Ng3+ 37. Kh2 Nxh5+ 38. Kh3 Nf6 39. Rd4 Be3
40. Rd3 Bf2 41. Rd2 Be3 42. Rd3 Bc1 43. Kg3 Be4 44. Rd1 Bh6 45. Rd4 Bxf3 46.
gxf3 Nh5+ 47. Kg4 Nf6+ 48. Kf5 Be3 49. Rd3 Bf2 50. Ra3 a6 51. Rc3 Be1 52. Rc4
Nd5 53. Rd4 Nxb4 54. Rd7 Bg3 55. f4 Rc8 56. Ke5 a5 57. Kd4 Bxf4 58. Kc4 Nc6 59.
Kb5 Ra8 60. Ka4 h5 61. Rd1 g6 62. Rf1 Be3 63. Rd1 Bxc5 64. Rd5 Bb6 65. Rg5 Kg7
66. Rd5 f6 67. Rd7+ Kh6 68. Rd5 f5 69. Rd3 Re8 70. Rd1 g5 71. Rd5 f4 72. Rd7
Re4+ 73. Kb3 Re3+ 74. Ka4 g4 75. Rf7 f3 76. Rf6+ Kg5 77. Rf8 h4 78. Rg8+ Kf4
79. Rf8+ Kg3 80. Rxf3+ Rxf3 81. Kb5 h3 82. Ka4 h2 83. Kb5 h1=Q 84. Ka4 Rf5 85.
Kb3 Qe1 86. Kc4 Qe4+ 0-1

[Event "64. BEM 2010"]
[Site "Dortmund"]
[Date "2010.02.22"]
[Round "1.1"]
[White "Grube, Jörg"]
[Black "Heinzel, Olaf"]
[Result "0-1"]
[WhiteElo "1730"]
[BlackElo "2304"]
[PlyCount "48"]
[EventDate "2010.??.??"]
[Source "SG Dortmund"]
[SourceDate "2004.12.16"]

1. e4 d5 2. exd5 Qxd5 3. Nc3 Qd6 4. d4 c6 5. g3 Nf6 6. Bf4 Qd8 7. Nf3 Bg4 8.
Be3 e6 9. h3 Bxf3 10. Qxf3 Bb4 11. Bd3 Qa5 12. Bd2 Nd5 13. O-O Nxc3 14. bxc3
Bxc3 15. Bxc3 Qxc3 16. d5 Qf6 17. Qe4 $2 (17. Qxf6 gxf6 18. Rab1 b6 (18... cxd5
19. Rxb7 a6 20. c4) 19. dxe6 fxe6 20. Rfe1 e5 21. Rbd1 Kf7 22. f4 exf4 23. Bc4+
Kg6 24. Re7 {Weiss hat mindestens Kompensation fuer die Bauern.}) 17... cxd5
18. Bb5+ Nc6 19. Qa4 O-O 20. Rab1 Nd4 21. Rb4 Nxb5 22. Qxb5 b6 23. a4 Rfc8 24.
Rf4 Qe7 0-1

[Event "64. BEM 2010"]
[Site "Dortmund"]
[Date "2010.02.22"]
[Round "1.2"]
[White "Schiefelbusch, Dirk"]
[Black "Ziemek, Gerhard"]
[Result "1-0"]
[WhiteElo "2125"]
[BlackElo "1717"]
[PlyCount "49"]
[EventDate "2010.??.??"]
[Source "SG Dortmund"]
[SourceDate "2004.12.16"]

1. c4 c5 2. Nc3 Nc6 3. Nf3 g6 4. g3 Bg7 5. Bg2 Nf6 6. d4 cxd4 7. Nxd4 Nxd4 8.
Qxd4 O-O 9. O-O a6 10. e4 d6 11. Bg5 Qa5 12. Qd2 Rb8 13. Nd5 Qxd2 14. Nxe7+ Kh8
15. Bxd2 Re8 16. Bf4 Rd8 17. c5 Ne8 18. cxd6 Bd7 19. Rab1 f6 20. h4 b5 21. Rfd1
Rb6 22. Rbc1 Be6 23. b3 Nxd6 24. Nc6 Rc8 25. Rxd6 1-0

[Event "64. BEM 2010"]
[Site "Dortmund"]
[Date "2010.02.22"]
[Round "1.3"]
[White "Schultz, Bernfried"]
[Black "Lindam, Ingo"]
[Result "0-1"]
[WhiteElo "1710"]
[BlackElo "2076"]
[PlyCount "80"]
[EventDate "2010.??.??"]
[Source "SG Dortmund"]
[SourceDate "2004.12.16"]

1. e4 d5 2. exd5 Nf6 3. Nc3 Nxd5 4. Nxd5 Qxd5 5. d4 Nc6 6. Be3 e5 7. dxe5 Qxe5
8. c3 Bc5 9. Nf3 Qe7 10. Qd2 Bxe3 11. Qxe3 Qxe3+ 12. fxe3 O-O 13. Bc4 Re8 14.
Kf2 Ne5 15. Nxe5 Rxe5 16. h3 Bf5 17. Rad1 Rae8 18. Rhe1 h5 19. Rd4 g5 20. g4
hxg4 21. hxg4 Bc8 22. Kf3 Kg7 23. Bd3 b6 24. Ra4 a5 25. Rd4 Be6 26. a3 Bd5+ 27.
Rxd5 Rxd5 28. Bf5 Rd2 29. Re2 Red8 30. b4 Kf6 31. c4 Ke5 32. c5 Rxe2 33. Kxe2
bxc5 34. bxc5 Kd5 35. Kd3 Kxc5+ 36. Kc3 Rd1 37. a4 Ra1 38. Bd7 Ra3+ 39. Kd2 c6
40. Be8 Rxa4 0-1

[Event "64. BEM 2010"]
[Site "Dortmund"]
[Date "2010.02.22"]
[Round "1.4"]
[White "Brockmann, Michael"]
[Black "Campana, Rafael"]
[Result "1-0"]
[WhiteElo "2063"]
[BlackElo "1708"]
[PlyCount "77"]
[EventDate "2010.??.??"]
[Source "SG Dortmund"]
[SourceDate "2004.12.16"]

1. d4 d5 2. c4 Nf6 3. Nc3 e6 4. Bg5 c6 5. Nf3 Be7 6. Qc2 a6 7. e3 Nbd7 8. a3 h6
9. Bh4 b5 10. cxd5 cxd5 11. Bd3 Bb7 12. O-O Rc8 13. Rfc1 Ne4 14. Bxe7 Qxe7 15.
Qb3 O-O 16. Na2 Nb6 17. Qb4 Qf6 18. b3 g5 19. a4 g4 20. Bxe4 dxe4 21. Ne5 Nd5
22. Nd7 Qg5 23. Qe1 Rfd8 24. Nc5 Bc6 25. a5 h5 26. Nxa6 h4 27. N2b4 Ba8 28.
Nxd5 Bxd5 29. Rxc8 Rxc8 30. Nc5 h3 31. Qf1 Kg7 32. Kh1 hxg2+ 33. Qxg2 f5 34.
Rg1 Kf7 35. b4 Rg8 36. Nd7 Qe7 37. Ne5+ Kg7 38. Qh3 Rh8 39. Qxh8+ 1-0

[Event "64. BEM 2010"]
[Site "Dortmund"]
[Date "2010.02.22"]
[Round "1.5"]
[White "Krüger, Georg"]
[Black "Zachos, Ingo"]
[Result "0-1"]
[WhiteElo "1679"]
[BlackElo "2024"]
[PlyCount "188"]
[EventDate "2010.??.??"]
[Source "SG Dortmund"]
[SourceDate "2004.12.16"]

1. e4 d6 2. d4 Nf6 3. Nc3 g6 4. Nf3 Bg7 5. Be2 O-O 6. h3 c6 7. a4 Nbd7 8. O-O
e5 9. Be3 Qe7 10. dxe5 dxe5 11. Nd2 Nc5 12. f3 Rd8 13. Qe1 Nh5 14. Qf2 Ne6 15.
g3 Nd4 16. Rfc1 Be6 17. Kh2 a5 18. Bd3 Nb3 19. Nxb3 Bxb3 20. Qe2 Be6 21. Rd1
Qb4 22. Bd2 Qb6 23. Rab1 Bf8 24. Be3 Bc5 25. Bxc5 Qxc5 26. Kg2 Rd7 27. Rd2 Rad8
28. Qf2 Qb4 29. Qe3 Kg7 30. Rdd1 h6 31. Qe1 Qc5 32. b3 Nf6 33. g4 Nh7 34. Na2
Rd4 35. Qc3 Qxc3 36. Nxc3 Nf8 37. Kf2 f6 38. Ke3 Bf7 39. Rd2 Ne6 40. Ne2 R4d7
41. Rbd1 Nc5 42. Nc1 Kf8 43. Be2 Rxd2 44. Rxd2 Rxd2 45. Kxd2 Ke7 46. Nd3 Ne6
47. Bd1 Kd6 48. c3 b5 49. Ke3 g5 50. Bc2 bxa4 51. bxa4 Nf8 52. Kd2 Bc4 53. Ke3
Ne6 54. Bd1 Bxd3 55. Kxd3 Nf4+ 56. Ke3 Nxh3 57. Bb3 Kc5 58. Bf7 Nf4 59. Kd2 Kd6
60. Bb3 Ng6 61. Ke3 Kc5 62. Bf7 Ne7 63. Kd3 Nc8 64. Ba2 Nb6 65. Bb3 Kd6 66. Ke3
Nd7 67. Bc2 Nc5 68. Kf2 Ne6 69. Ke3 Nf4 70. Bb3 h5 71. gxh5 Nxh5 72. Bf7 Nf4
73. Bb3 Ne6 74. Kd2 Nc5 75. Bc2 Ke6 76. Ke3 Kd7 77. Kd2 Kd6 78. Ke3 Ke6 79. Kd2
Kf7 80. Ke3 Kg6 81. Kf2 Kh5 82. Kg3 Ne6 83. Bb3 Nf4 84. Bf7+ Kh6 85. Bc4 Kg6
86. Ba6 f5 87. exf5+ Kxf5 88. Kf2 e4 89. Bc8+ Ke5 90. fxe4 Kxe4 91. Ba6 Nd3+
92. Kg3 Nb2 93. Kg4 Nxa4 94. Bb7 Kd5 0-1

[Event "64. BEM 2010"]
[Site "Dortmund"]
[Date "2010.02.22"]
[Round "1.6"]
[White "Zelt, Jens"]
[Black "Raskin, Vitali"]
[Result "0-1"]
[WhiteElo "2020"]
[BlackElo "1653"]
[PlyCount "94"]
[EventDate "2010.??.??"]
[Source "SG Dortmund"]
[SourceDate "2004.12.16"]

1. d4 d5 2. Nf3 Nf6 3. Bf4 e6 4. c3 Bd6 5. Bg3 Nbd7 6. Nbd2 O-O 7. Qc2 b6 8. e3
Bb7 9. Be2 h6 10. Ne5 Ne4 11. Nxe4 dxe4 12. Nc4 Be7 13. Nd2 Nf6 14. Be5 Nd7 15.
Bg3 f5 16. Qb3 Bd5 17. c4 Bb7 18. c5 Bd5 19. Bc4 c6 20. cxb6 axb6 21. Rc1 Rc8
22. O-O Kh8 23. f3 b5 24. Bxd5 exd5 25. fxe4 fxe4 26. Rxf8+ Qxf8 27. Rf1 Nf6
28. Be5 Qe8 29. Bxf6 Bxf6 30. Qd1 Bg5 31. Qe2 c5 32. dxc5 Rxc5 33. Nb3 Rc4 34.
Rd1 Qa8 35. a3 Qa4 36. Nd4 Bxe3+ 37. Kh1 Rxd4 38. Rf1 Rd3 39. Qh5 Qa8 40. h4
Qd8 41. Qg4 Bd4 42. Rc1 Qf6 43. Kh2 Be5+ 44. Kg1 Qf4 45. Rc8+ Kh7 46. Qh5 Bd4+
47. Kh1 Qf1+ 0-1

[Event "64. BEM 2010"]
[Site "Dortmund"]
[Date "2010.02.22"]
[Round "1.7"]
[White "Schütte, Tobias"]
[Black "Benke, Werner"]
[Result "1-0"]
[WhiteElo "1980"]
[BlackElo "1613"]
[PlyCount "31"]
[EventDate "2010.??.??"]
[Source "SG Dortmund"]
[SourceDate "2004.12.16"]

1. e4 e6 2. d4 d5 3. Nc3 dxe4 4. Nxe4 Nd7 5. Nf3 Ngf6 6. Ng3 c5 7. Bd3 Be7 8.
Qe2 O-O 9. Bg5 a6 10. O-O-O Qa5 11. Kb1 b5 12. dxc5 Bxc5 13. Ne4 Be7 14. Nxf6+
Bxf6 15. Qe4 g6 16. Bxf6 1-0

[Event "64. BEM 2010"]
[Site "Dortmund"]
[Date "2010.02.22"]
[Round "1.8"]
[White "Zimmermann, Dirk"]
[Black "Dörre, Niels"]
[Result "1/2-1/2"]
[WhiteElo "1960"]
[BlackElo "1609"]
[PlyCount "82"]
[EventDate "2010.??.??"]
[Source "SG Dortmund"]
[SourceDate "2004.12.16"]

1. e4 c5 2. Nf3 Nc6 3. d3 d6 4. g3 Nf6 5. Bg2 g6 6. O-O Bg7 7. Re1 Nd7 8. c3
O-O 9. Nbd2 a6 10. Nb3 Nde5 11. d4 Nxf3+ 12. Bxf3 cxd4 13. cxd4 Bd7 14. Be3 Rc8
15. Qd2 f5 16. Rac1 fxe4 17. Bxe4 Bf5 18. Bxf5 Rxf5 19. f4 Qd7 20. d5 Nd8 21.
Qg2 e6 22. Rxc8 Qxc8 23. dxe6 Nxe6 24. Qd2 d5 25. g4 Rf8 26. Qxd5 Rd8 27. Qg2
Rd6 28. h3 b5 29. Rc1 Qd8 30. Rf1 Rd3 31. Qe4 Qd5 32. Qxd5 Rxd5 33. Bc1 Nc5 34.
Na5 Rd3 35. b4 Ne4 36. Kh2 Rc3 37. Kg1 Rc2 38. Re1 Bd4+ 39. Be3 Bc3 40. Rb1
Rxa2 41. Nc6 Nd6 1/2-1/2

[Event "64. BEM 2010"]
[Site "Dortmund"]
[Date "2010.02.22"]
[Round "1.9"]
[White "Duschek, Günter"]
[Black "Lauche, Christoph"]
[Result "0-1"]
[WhiteElo "1607"]
[BlackElo "1960"]
[PlyCount "80"]
[EventDate "2010.??.??"]
[Source "SG Dortmund"]
[SourceDate "2004.12.16"]

1. d4 d5 2. Bf4 Nf6 3. Nf3 Nc6 4. e3 Bg4 5. Be2 e6 6. h3 Bh5 7. c3 Bd6 8. Ne5
Bxe2 9. Qxe2 a6 10. Nd2 O-O 11. O-O Ne7 12. Bg5 Nd7 13. Nxd7 Qxd7 14. e4 f6 15.
Bh4 Ng6 16. Bg3 Bxg3 17. fxg3 Qd6 18. Qe3 c6 19. Rae1 e5 20. h4 Rfe8 21. h5 Nf8
22. exd5 Qxd5 23. Ne4 Rad8 24. Rxf6 exd4 25. Qf3 Rxe4 26. Rxe4 gxf6 27. Rg4+
Kf7 28. Qf4 Ne6 29. Qh6 Ng5 30. cxd4 c5 31. Rf4 Rd6 32. dxc5 Qxc5+ 33. Kh2 Qe5
34. Rc4 Rd2 35. Rc8 Nf3+ 36. Kh3 Qf5+ 37. g4 Ng5+ 38. Kh2 Qxc8 39. Kh1 Qxg4 40.
Qxf6+ Kxf6 0-1

[Event "64. BEM 2010"]
[Site "Dortmund"]
[Date "2010.02.22"]
[Round "1.10"]
[White "Begna, Bozidar"]
[Black "Türtmann, Werner"]
[Result "1-0"]
[WhiteElo "1958"]
[BlackElo "1579"]
[PlyCount "81"]
[EventDate "2010.??.??"]
[Source "SG Dortmund"]
[SourceDate "2004.12.16"]

1. e4 e5 2. Nf3 Nc6 3. Bb5 d6 4. d4 a6 5. Bxc6+ bxc6 6. dxe5 Bg4 7. Qd3 Bxf3 8.
Qxf3 dxe5 9. Qc3 Qf6 10. Be3 Rb8 11. O-O Ne7 12. Nd2 Nc8 13. Nf3 Rb5 14. a4 Rb4
15. Rfd1 Be7 16. Bg5 Qe6 17. Bxe7 Rc4 18. Qd3 Kxe7 19. Ng5 Rd4 20. Qxd4 exd4
21. Nxe6 Kxe6 22. Rxd4 Ke5 23. Rd7 Kxe4 24. Re1+ Kf5 25. Rxf7+ Kg6 26. Rxc7 Rd8
27. g4 h6 28. Re6+ Kh7 29. Rcxc6 Rd1+ 30. Kg2 Na7 31. Rc7 Rd4 32. Kg3 h5 33. h3
Rxa4 34. Rxa7 Ra5 35. Ree7 Rg5 36. Kh4 Rg6 37. g5 a5 38. Kxh5 a4 39. Ra8 a3 40.
Rh8+ Kxh8 41. Kxg6 1-0

[Event "64. BEM 2010"]
[Site "Dortmund"]
[Date "2010.02.22"]
[Round "1.11"]
[White "Noori, Mir Ahmad"]
[Black "Morawietz, Manuel"]
[Result "0-1"]
[WhiteElo "1566"]
[BlackElo "1952"]
[PlyCount "120"]
[EventDate "2010.??.??"]
[Source "SG Dortmund"]
[SourceDate "2004.12.16"]

1. d4 d5 2. Nf3 e6 3. e3 c5 4. c3 Nc6 5. Be2 Nf6 6. a3 c4 7. a4 Na5 8. Nbd2 a6
9. b4 cxb3 10. Nxb3 Ne4 11. Bd2 Bd7 12. O-O Rc8 13. Nxa5 Qxa5 14. c4 Bb4 15.
Bxb4 Qxb4 16. c5 Nc3 17. Qe1 Nxe2+ 18. Qxe2 O-O 19. Rfb1 Qc3 20. Qb2 Qxb2 21.
Rxb2 Rc7 22. a5 f6 23. Rb6 Re8 24. Rab1 Bc6 25. h3 g5 26. Kh2 Kg7 27. Ne1 e5
28. Nf3 Kg6 29. g3 h5 30. Kg2 g4 31. hxg4 hxg4 32. Nh4+ Kg5 33. R6b2 exd4 34.
exd4 f5 35. Kg1 Rce7 36. Ng2 Re4 37. Rd2 Bb5 38. Rc1 Re2 39. Rcc2 R2e7 40. Rc1
Rh8 41. Re1 Rxe1+ 42. Nxe1 Re8 43. Ng2 Be2 44. Rb2 Re7 45. Rb1 Bf3 46. Re1
Rxe1+ 47. Nxe1 f4 48. gxf4+ Kxf4 49. Kh2 Be2 50. Nc2 Kf3 51. Kg1 Ke4 52. Kh2
Kd3 53. Ne1+ Kxd4 54. Kg3 Kxc5 55. Kf4 d4 56. Ke4 Kc4 57. Nc2 Bf3+ 58. Kf4 Kc3
59. Kf5 Kc4 60. Kf4 Kc3 0-1

[Event "64. BEM 2010"]
[Site "Dortmund"]
[Date "2010.02.22"]
[Round "1.12"]
[White "Borjini, Faouzi"]
[Black "Schirmer, Michael"]
[Result "1-0"]
[WhiteElo "1919"]
[BlackElo "1561"]
[PlyCount "49"]
[EventDate "2010.??.??"]
[Source "SG Dortmund"]
[SourceDate "2004.12.16"]

1. e4 e6 2. d4 d5 3. Nd2 dxe4 4. Nxe4 Nf6 5. Bg5 Be7 6. Bxf6 gxf6 7. Ng3 f5 8.
Nf3 Nd7 9. Bc4 Nf6 10. Ne5 Nd5 11. Qh5 O-O 12. O-O-O Nf4 13. Qf3 Ng6 14. Kb1 c6
15. Nh5 Qc7 16. Qe3 f4 17. Nxf4 Bg5 18. g3 b5 19. Bb3 Bh6 20. h4 Nxe5 21. dxe5
Bg7 22. Rhe1 c5 23. c3 a5 24. Nh5 Bb7 25. Qg5 1-0

[Event "64. BEM 2010"]
[Site "Dortmund"]
[Date "2010.02.22"]
[Round "1.13"]
[White "Gegner, Michael"]
[Black "Simon, Thomas"]
[Result "0-1"]
[WhiteElo "1551"]
[BlackElo "1885"]
[PlyCount "55"]
[EventDate "2010.??.??"]
[Source "SG Dortmund"]
[SourceDate "2004.12.16"]

1. d4 Nf6 2. Nc3 d5 3. e4 dxe4 4. f3 exf3 5. Nxf3 Bg4 6. h3 Bxf3 7. Qxf3 c6 8.
Qf2 e6 9. Bg5 Be7 10. Bd3 Qa5 11. Bd2 Nbd7 12. O-O O-O 13. g4 Qc7 14. Qh4 Ne4
15. g5 Qg3+ 16. Qxg3 Nxg3 17. Rf3 Nh5 18. Raf1 g6 19. Ne4 Rad8 20. Bc4 Ng7 21.
Nf6+ Bxf6 22. gxf6 Nf5 23. Bc3 Nxf6 24. h4 h5 25. Bd3 Nd5 26. Bxf5 Nxc3 27.
Bxg6 Ne2+ 28. Kf2 0-1

[Event "64. BEM 2010"]
[Site "Dortmund"]
[Date "2010.02.22"]
[Round "1.14"]
[White "Werner, Patrick"]
[Black "Gitschel, Peter"]
[Result "1-0"]
[WhiteElo "1832"]
[BlackElo "1520"]
[PlyCount "77"]
[EventDate "2010.??.??"]
[Source "SG Dortmund"]
[SourceDate "2004.12.16"]

1. d4 Nf6 2. Nf3 g6 3. c4 Bg7 4. Nc3 d6 5. e4 O-O 6. h3 e5 7. d5 c6 8. g4 cxd5
9. cxd5 Nbd7 10. Be3 Nc5 11. Nd2 Bd7 12. Be2 Qa5 13. Nc4 Qc7 14. Bxc5 Qxc5 15.
g5 Ne8 16. Rc1 f5 17. a3 Qc8 18. h4 Qd8 19. b4 fxe4 20. Nxe4 Bf5 21. Ncd2 a6
22. Ng3 Rc8 23. Nde4 Rxc1 24. Qxc1 Qb6 25. Qe3 Qd8 26. Kd2 Nc7 27. Qb6 Nb5 28.
Qxd8 Rxd8 29. Bxb5 axb5 30. Nxf5 gxf5 31. Nc3 e4 32. Nxb5 Kf7 33. Rc1 Rd7 34.
Ke3 Kg6 35. Nc7 Kh5 36. Ne6 Bb2 37. Rh1 Bxa3 38. f3 exf3 39. Kxf3 1-0

[Event "64. BEM 2010"]
[Site "Dortmund"]
[Date "2010.02.22"]
[Round "1.15"]
[White "Schrimpl, Michael"]
[Black "Hoppe, Dirk"]
[Result "0-1"]
[WhiteElo "1496"]
[BlackElo "1828"]
[PlyCount "72"]
[EventDate "2010.??.??"]
[Source "SG Dortmund"]
[SourceDate "2004.12.16"]

1. c4 e5 2. Nc3 Nc6 3. Nf3 g6 4. g3 Bg7 5. Bg2 Nge7 6. d3 d6 7. a3 O-O 8. O-O
h6 9. Bd2 a5 10. Rb1 Be6 11. Qc1 Kh7 12. Ne4 Qd7 13. b4 axb4 14. axb4 f5 15.
Nc3 Rab8 16. b5 Nd4 17. Nxd4 exd4 18. Nd1 c5 19. e3 g5 20. exd4 Bxd4 21. Be3
Bg7 22. f4 g4 23. Nc3 b6 24. Qd2 d5 25. cxd5 Nxd5 26. Nxd5 Bxd5 27. Rfd1 Ra8
28. Bxd5 Qxd5 29. Qg2 Rfd8 30. Qxd5 Rxd5 31. Rb3 c4 32. Rbb1 c3 33. Rdc1 Rxd3
34. Bxb6 Ra2 35. Ra1 Rxa1 36. Rxa1 c2 0-1

[Event "64. BEM 2010"]
[Site "Dortmund"]
[Date "2010.02.22"]
[Round "1.16"]
[White "Dreier, Daniel"]
[Black "Grawe, Herbert"]
[Result "1-0"]
[WhiteElo "1792"]
[BlackElo "1495"]
[PlyCount "47"]
[EventDate "2010.??.??"]
[Source "SG Dortmund"]
[SourceDate "2004.12.16"]

1. d4 Nc6 2. Nf3 d6 3. c4 Bd7 4. Nc3 e5 5. d5 Nce7 6. e4 Ng6 7. Bd3 N8e7 8. h4
h5 9. Ng5 Bg4 10. Be2 f5 11. f3 Nf4 12. Bxf4 exf4 13. fxg4 fxg4 14. Ne6 Qd7 15.
Nb5 Rc8 16. Nxa7 Rb8 17. Nb5 Rc8 18. Nxf4 Rh6 19. Nxh5 Rg6 20. Nf4 Rf6 21. Bxg4
Qd8 22. Ne6 Rxe6 23. Bxe6 Ra8 24. Qf3 1-0

[Event "64. BEM 2010"]
[Site "Dortmund"]
[Date "2010.02.22"]
[Round "1.17"]
[White "Zabel, Reinhard"]
[Black "Vojdani, Bahram"]
[Result "1-0"]
[WhiteElo "1492"]
[BlackElo "1735"]
[PlyCount "162"]
[EventDate "2010.??.??"]
[Source "SG Dortmund"]
[SourceDate "2004.12.16"]

1. e4 c6 2. Nf3 d5 3. exd5 cxd5 4. d4 Nf6 5. Be2 Bf5 6. Bg5 e6 7. O-O Be7 8. c3
O-O 9. Nh4 Bg6 10. Nxg6 hxg6 11. Nd2 Nbd7 12. Nf3 a6 13. Re1 Rc8 14. Bd3 Qc7
15. Bh4 Rfe8 16. Bg3 Bd6 17. Bxd6 Qxd6 18. h3 Re7 19. Ne5 Rce8 20. Qc2 Nf8 21.
f4 N6d7 22. Re3 f5 23. Rae1 Nxe5 24. fxe5 Qd8 25. Qf2 Rc7 26. Bc2 Qe7 27. Bb3
b5 28. a4 b4 29. Rc1 Rec8 30. Qe1 a5 31. Ba2 Nd7 32. Bb3 Nb6 33. Qf1 Qe8 34.
Qd1 Qd7 35. g3 Qe7 36. Qe2 Qe8 37. Qd1 Qf7 38. Qf1 Qe8 39. Qd1 Qe7 40. Qf1 Qd7
41. Qd1 Rc6 42. Qd2 Nc4 43. Bxc4 Rxc4 44. Qd1 R4c6 45. Qd2 R8c7 46. Qd1 Qc8 47.
Qd2 Rc4 48. Qe1 b3 49. Ra1 Qd7 50. Ra3 Rxa4 51. Rxb3 Ra2 52. Rb8+ Kf7 53. Qb1
Qa4 54. Kg2 Ra1 55. Qd3 Qc4 56. Qxc4 dxc4 57. Re2 Ra7 58. Kf2 a4 59. Rc2 a3 60.
bxa3 R1xa3 61. Rb4 Rc7 62. h4 Rb3 63. Kg2 Rxb4 64. cxb4 Ke7 65. Kf3 Kd7 66. Ke3
Kc8 67. Kd2 Kb7 68. Kc3 Kb6 69. Ra2 f4 70. gxf4 Rf7 71. Rf2 Rf5 72. Kxc4 Rh5
73. Rg2 Rxh4 74. Rxg6 Rxf4 75. Rxe6+ Kc7 76. Rg6 Rf7 77. Kc5 Kb7 78. b5 Rc7+
79. Rc6 Rd7 80. d5 g5 81. Rg6 Re7 {und Schwarz ueberschritt die Zeit ...} 1-0

[Event "64. BEM 2010"]
[Site "Dortmund"]
[Date "2010.02.22"]
[Round "1.18"]
[White "Siwy, Boguslaw"]
[Black "Schaefer, Ulrich"]
[Result "1-0"]
[WhiteElo "1479"]
[BlackElo "1231"]
[PlyCount "65"]
[EventDate "2010.??.??"]
[Source "SG Dortmund"]
[SourceDate "2004.12.16"]

1. e4 e5 2. Nf3 Nc6 3. Bc4 Nf6 4. d4 d6 5. dxe5 Ng4 6. exd6 Bxd6 7. Nc3 Nce5 8.
Bb3 O-O 9. Bg5 Nxf3+ 10. gxf3 Qxg5 11. fxg4 Qxg4 12. Qd3 Be7 13. Qg3 Qh5 14. h4
Bd6 15. Qg2 Bg4 16. Rg1 Qa5 17. Qxg4 Be5 18. Qf3 Rad8 19. Rd1 Kh8 20. Rd3 Rd4
21. Kd1 Rfd8 22. Rxd4 Bxd4 23. Kc1 Bf6 24. h5 Qe5 25. Qg4 b5 26. f4 Qd4 27. e5
Bxe5 28. fxe5 Qxe5 29. Nxb5 f5 30. Qg5 Rd7 31. Nc3 Qh2 32. h6 g6 33. Qf6+ 1-0

[Event "64. BEM 2010"]
[Site "Dortmund"]
[Date "2010.02.22"]
[Round "1.19"]
[White "Schoppe, Hans-Werner"]
[Black "Rzoczek, Christoph"]
[Result "0-1"]
[WhiteElo "1224"]
[BlackElo "1468"]
[PlyCount "106"]
[EventDate "2010.??.??"]
[Source "SG Dortmund"]
[SourceDate "2004.12.16"]

1. d4 Nf6 2. c4 c6 3. Nc3 d5 4. cxd5 Nxd5 5. Nxd5 Qxd5 6. e3 Bf5 7. Nf3 Nd7 8.
b3 e6 9. Be2 Be7 10. O-O Nf6 11. Nd2 h5 12. Bf3 Qd6 13. Nc4 Qc7 14. Ba3 Rd8 15.
Bxe7 Kxe7 16. Qd2 Ng4 17. g3 h4 18. Bxg4 Bxg4 19. Qa5 Qxa5 20. Nxa5 Rd7 21. f3
Bf5 22. g4 Bd3 23. Rf2 f5 24. Rd2 Ba6 25. h3 Rf8 26. f4 g5 27. fxg5 fxg4 28.
hxg4 Rd5 29. Nc4 Bxc4 30. bxc4 Rxg5 31. Rg2 Rf3 32. Re1 h3 33. Rh2 Rxg4+ 34.
Kh1 Kf6 35. e4 Rgf4 36. Kg1 Rg4+ 37. Kh1 Kg5 38. Rg1 Rd3 39. d5 exd5 40. cxd5
cxd5 41. exd5 Kh4 42. Rb2 Rxg1+ 43. Kxg1 Rxd5 44. Rxb7 Rd1+ 45. Kf2 Rd2+ 46.
Kf3 Rxa2 47. Rh7+ Kg5 48. Rxh3 Ra3+ 49. Kg2 Rxh3 50. Kxh3 Kf4 51. Kg2 Ke3 52.
Kf1 Kd2 53. Kf2 a5 0-1

[Event "64. BEM 2010"]
[Site "Dortmund"]
[Date "2010.02.22"]
[Round "1.20"]
[White "Komenda, Thomas"]
[Black "Schlepütz, Volker"]
[Result "1-0"]
[WhiteElo "1461"]
[BlackElo "1216"]
[PlyCount "38"]
[EventDate "2010.??.??"]
[Source "SG Dortmund"]
[SourceDate "2004.12.16"]

1. d4 Nf6 2. c4 d6 3. Nc3 g6 4. e4 Bg7 5. Nf3 O-O 6. Be2 Nc6 7. O-O Bg4 8. d5
Bxf3 9. Bxf3 Ne5 10. Be2 c6 11. Bf4 Nfd7 12. Qd2 Re8 13. Bh6 Qb6 14. Be3 Qc7
15. f4 cxd5 16. fxe5 dxe4 17. exd6 exd6 18. Rad1 Re6 19. Nb5 Bf8 1-0

[Event "64. BEM 2010"]
[Site "Dortmund"]
[Date "2010.02.22"]
[Round "1.21"]
[White "Rüttiger, Volker"]
[Black "Jentzsch, Werner Wilfried"]
[Result "1-0"]
[WhiteElo "1213"]
[BlackElo "1441"]
[PlyCount "107"]
[EventDate "2010.??.??"]
[Source "SG Dortmund"]
[SourceDate "2004.12.16"]

1. e4 e6 2. d4 c5 3. d5 Nf6 4. dxe6 fxe6 5. e5 Nd5 6. c4 Nb6 7. Be2 Nc6 8. Nf3
Be7 9. O-O O-O 10. Bd2 d5 11. b3 d4 12. Bd3 Nd7 13. Re1 Qc7 14. Qe2 b6 15. Qe4
g6 16. Bh6 Rf5 17. g4 Rf7 18. Nbd2 Bb7 19. Qe2 Nb4 20. Bb1 Rd8 21. Ng5 Bxg5 22.
Bxg5 Rdf8 23. Bh4 Rf4 24. Bg3 Bf3 25. Nxf3 Rxf3 26. Be4 Rc3 27. f4 d3 28. Qd1
Nc2 29. Qd2 Nxa1 30. Qxc3 Nc2 31. Rc1 Nb4 32. Qd2 Kg7 33. h4 Nb8 34. h5 Rd8 35.
Bh4 Rd4 36. Bg2 Qf7 37. Bf6+ Kg8 38. a3 N4a6 39. h6 Nd7 40. Bg5 Ndb8 41. Re1
Qd7 42. Re3 Nc6 43. Bxc6 Qxc6 44. Rxd3 Qe4 45. Rxd4 cxd4 46. Kf2 Nc5 47. b4
Nd3+ 48. Kg1 Qf3 49. Qg2 Qe3+ 50. Kh2 Ne1 51. Qa8+ Kf7 52. Qb7+ Kf8 53. Qe7+
Kg8 54. Qg7# 1-0

[Event "64. BEM 2010"]
[Site "Dortmund"]
[Date "2010.02.22"]
[Round "1.22"]
[White "Krüger, Inge"]
[Black "Schirmer, Florian"]
[Result "1-0"]
[WhiteElo "1390"]
[BlackElo "1202"]
[PlyCount "33"]
[EventDate "2010.??.??"]
[Source "SG Dortmund"]
[SourceDate "2004.12.16"]

1. d4 d6 2. c4 g6 3. Nc3 Bg7 4. Nf3 Nd7 5. e4 e5 6. Be2 Ne7 7. O-O f5 8. dxe5
Nxe5 9. Nxe5 Bxe5 10. exf5 Nxf5 11. f4 Bd4+ 12. Kh1 Qh4 13. Ne4 c6 14. Nxd6+
Nxd6 15. Qxd4 Nf7 16. Be3 b6 17. Qe4+ 1-0

[Event "64. BEM 2010"]
[Site "Dortmund"]
[Date "2010.02.22"]
[Round "1.23"]
[White "Fahle, Karl-Wilhelm"]
[Black "Vogt, Christian"]
[Result "0-1"]
[WhiteElo "1160"]
[BlackElo "1357"]
[PlyCount "129"]
[EventDate "2010.??.??"]
[Source "SG Dortmund"]
[SourceDate "2004.12.16"]

1. e4 e5 2. f4 d5 3. exd5 e4 4. d3 Nf6 5. dxe4 Nxe4 6. Nf3 Bc5 7. Bd3 Nf2 8.
Qe2+ Qe7 9. Rf1 Nxd3+ 10. cxd3 Qxe2+ 11. Kxe2 Na6 12. Be3 Bd6 13. Nc3 Bd7 14.
a3 O-O 15. Ne4 Be7 16. Kd2 h6 17. Ne5 Ba4 18. Rac1 Rfd8 19. Nc3 Bb3 20. d4 Bxd5
21. Nxd5 Rxd5 22. Ke2 c5 23. Rfd1 Rad8 24. Rd2 cxd4 25. Bf2 Nc5 26. Rcd1 Ne6
27. g3 g5 28. Nd3 g4 29. Ne1 Bc5 30. b4 Bb6 31. Nd3 Nc7 32. Ne5 Nb5 33. Kd3 h5
34. Nc4 Bc7 35. Kc2 Nc3 36. Re1 b5 37. Ne5 R5d6 38. Nd3 Bb6 39. Re5 a5 40. Rxh5
Ne4 41. Re2 Nxf2 42. Rxf2 axb4 43. axb4 Rc6+ 44. Nc5 d3+ 45. Kd2 Rd4 46. Rg5+
Rg6 47. h3 Rxg5 48. fxg5 Rxb4 49. Rf5 Bxc5 50. Rxc5 gxh3 51. Rc1 Rb2+ 52. Kxd3
Rg2 53. Ke3 Rxg3+ 54. Kf4 Rg2 55. Kf3 Rxg5 56. Rh1 Rh5 57. Ke3 f6 58. Kd3 Kf7
59. Rh2 Ke6 60. Re2+ Re5 61. Rh2 Rh5 62. Re2+ Kf5 63. Re1 h2 64. Rf1+ Kg4 65.
Ke2 0-1